مكتبة جامعة عجلون الوطنية

فهرس بحث المكتبة

فاعلية برنامج تعليمي مستند إلى استراتيجية الحواس المتعددة في تعليم حل المسائل الرياضية لدى الطلبة ذوي صعوبات التعلم = The Effectiveness of an Educational Program Based on the Multisensory Strategy in Teaching Mathematical Problem-Solving to Students with Learning Disabilties (Record no. 33933)

MARC details
000 -LEADER
fixed length control field 01183nam a22001937a 4500
003 - CONTROL NUMBER IDENTIFIER
control field JO-AjAnu
005 - DATE AND TIME OF LATEST TRANSACTION
control field 20250715044952.0
008 - FIXED-LENGTH DATA ELEMENTS--GENERAL INFORMATION
fixed length control field 250715b jo ||||| |||| 00| 0 ara d
040 ## - CATALOGING SOURCE
Original cataloging agency anu
Transcribing agency JO-AjAnu
041 ## - LANGUAGE CODE
Language code of original ara
100 ## - MAIN ENTRY--PERSONAL NAME
Personal name شناق، ناديه صالح محمد
Relator term معد
9 (RLIN) 66574
245 ## - TITLE STATEMENT
Title فاعلية برنامج تعليمي مستند إلى استراتيجية الحواس المتعددة في تعليم حل المسائل الرياضية لدى الطلبة ذوي صعوبات التعلم = The Effectiveness of an Educational Program Based on the Multisensory Strategy in Teaching Mathematical Problem-Solving to Students with Learning Disabilties
Statement of responsibility, etc. / إعداد ناديه صالح محمد شناق ؛ اشراف محمد أحمد العمري
260 ## - PUBLICATION, DISTRIBUTION, ETC.
Date of publication, distribution, etc. 2025
300 ## - PHYSICAL DESCRIPTION
Extent 121 ورقة
500 ## - GENERAL NOTE
General note رسالة جامعية (رسالة ماجستير في التربية الخاصة) - جامعة عجلون الوطنية (الاردن-عجلون) - كلية العلوم التربوية ، 2025
650 ## - SUBJECT ADDED ENTRY--TOPICAL TERM
Form subdivision صعوبات التعلم-رياضيات
700 ## - ADDED ENTRY--PERSONAL NAME
Personal name العمري، محمد أحمد
9 (RLIN) 51125
Relator term مشرف
942 ## - ADDED ENTRY ELEMENTS (KOHA)
Source of classification or shelving scheme Library of Congress Classification
Koha item type Thesis
Suppress in OPAC No
Holdings
Withdrawn status Lost status Source of classification or shelving scheme Damaged status Not for loan Home library Current library Date acquired Total Checkouts Full call number Barcode Date last seen Price effective from Koha item type
    Library of Congress Classification     مكتبة جامعة عجلون الوطنية مكتبة جامعة عجلون الوطنية 15/07/2025   LC4621.2025 A30296 15/07/2025 15/07/2025 Thesis
    Library of Congress Classification     مكتبة جامعة عجلون الوطنية مكتبة جامعة عجلون الوطنية 15/07/2025   LC4621.2025 A30295 15/07/2025 15/07/2025 Thesis